| 000 | 01520nam0a2200313 4500 | ||
|---|---|---|---|
| 001 | RU\NLR\BIBL_A\011197621 | ||
| 005 | 20250625214844.0 | ||
| 021 |
_aRU _b2013-88518 _96126 |
||
| 035 | _a(NLR Aleph) 011197621 | ||
| 090 |
_a11901738 _c11901738 |
||
| 100 | _a20160818d1987 |||y0rusy50 ca | ||
| 101 | 0 | _arus | |
| 102 | _aRU | ||
| 105 | _aa z 000yy | ||
| 200 | 1 |
_aФторсодержащие растворы для осаждения сплавов и обработки материалов _fН.Д. Иванова, С.В. Иванов, Е.И. Болдырев _gАН УССР, Ин-т общ. и неорган. химии |
|
| 210 |
_aКиев _cНаукова думка _d1987 |
||
| 215 |
_a158, [2] с. _cил. _d22 |
||
| 320 | _aБиблиогр.: с. 146-159 (297 назв.) | ||
| 606 | 1 |
_aЭлектролиты фторсодержащие _92293053 _3RU\NLR\AUTH\6601600503 |
|
| 606 | 1 |
_aГальванические покрытия _9936036 _3RU\NLR\AUTH\6626903 |
|
| 686 | 1 | _aК663.054-3 | |
| 700 | 1 |
_7ca _8rus _aИванова _bН. Д. _cд-р хим. наук _gНаталия Дмитриевна _9161425 _3RU\NLR\AUTH\770161469 |
|
| 701 | 1 |
_7ca _8rus _aИванов _bС. В. _cканд. хим. наук _gСергей Витальевич _9161430 _3RU\NLR\AUTH\770161474 |
|
| 701 | 1 |
_aБолдырев _bЕ.И. _gЕвгений Иванович |
|
| 852 |
_aNLR _j87-5/2179 |
||
| 942 | _cBOOK | ||
| 980 | _aNB | ||